<?xml version="1.0" encoding="UTF-8"?>
<collection xmlns="http://www.loc.gov/MARC21/slim">
<record>
  <controlfield tag="001">111045</controlfield>
  <controlfield tag="005">20220309093106.0</controlfield>
  <datafield tag="037" ind1=" " ind2=" ">
    <subfield code="a">TAZ-TFM-2019-760</subfield>
  </datafield>
  <datafield tag="041" ind1=" " ind2=" ">
    <subfield code="a">spa</subfield>
  </datafield>
  <datafield tag="100" ind1="1" ind2=" ">
    <subfield code="a">Cañadillas Sánchez, Elena</subfield>
  </datafield>
  <datafield tag="242" ind1="0" ind2="0">
    <subfield code="a">Patients referred from rheumatology to the psoriatic arthritis’ consultation between 2016 and 2018: a descriptive study</subfield>
  </datafield>
  <datafield tag="245" ind1="0" ind2="0">
    <subfield code="a">Pacientes derivados desde Reumatología a la consulta de artritis psoriásica entre 2016 y 2018: un estudio descriptivo</subfield>
  </datafield>
  <datafield tag="260" ind1=" " ind2=" ">
    <subfield code="a">Zaragoza</subfield>
    <subfield code="b">Universidad de Zaragoza</subfield>
    <subfield code="c">2019</subfield>
  </datafield>
  <datafield tag="500" ind1=" " ind2=" ">
    <subfield code="a">Aporto en secretaría material físico. Resumen disponible en inglés.</subfield>
  </datafield>
  <datafield tag="506" ind1=" " ind2=" ">
    <subfield code="a">by-nc-sa</subfield>
    <subfield code="b">Creative Commons</subfield>
    <subfield code="c">3.0</subfield>
    <subfield code="u">http://creativecommons.org/licenses/by-nc-sa/3.0/</subfield>
  </datafield>
  <datafield tag="520" ind1=" " ind2=" ">
    <subfield code="a">Introducción: El presente trabajo es un estudio observacional descriptivo retrospectivo a partir de una base de datos española de consultas multidisciplinares Dermatología-Reumatología para la detección y tratamiento de artritis psoriásica (APs) soportada por GRESSER.  Los pacientes son derivados de dermatología o de reumatología del área III de Zaragoza.  &lt;br />Objetivos: Estudiar la clínica predominante, comprobar el diagnóstico final y su concordancia y estudiar las diferencias entre sexos según edad, IMC, síntomas, diagnóstico y factores de riesgo cardiovascular. &lt;br />Metodología: La base de datos consta de 120 pacientes en el período comprendido de junio de 2016 a diciembre de 2018, de los cuales 46 fueron derivados desde el servicio de Reumatología y son en los que se basa nuestro estudio. Las variables reclutadas y analizadas son: motivo y síntoma de derivación, hábitos de vida, comorbilidades, eventos cardiovasculares, presencia de psoriasis y artritis, diagnóstico final y pruebas complementarias solicitadas. Para el estudio de las variables cuantitativas se ha utilizado la media (con contraste de diferencias de medias según sexo e IMC) y la desviación típica (dt) Para el estudio de las variables cualitativas se han utilizado los porcentajes y Chi-Cuadrado. Se ha empleado el programa SPSS.&lt;br />Resultados: La muestra estaba compuesta por un 30% de hombres y 70% de mujeres con edad media de 47,78 años. Presentaban como factores de riesgo cardiovascular: HTA el 11,36%, diabetes mellitus el 2,27%, fumadores el 31,81%, exfumadores 25%, consumo de alcohol en el 11,36%, dislipemia 40,9% y un IMC≥30 en el 25.64%. Ningún paciente tenía antecedentes de eventos cardiovasculares excepto 1 varón con episodio de cardiopatía isquémica. En consideración al síntoma de derivación y el diagnóstico final, el principal motivo de derivación fue duda diagnóstica con sospecha de psoriasis que, en aproximadamente la mitad (47%), resultó ser APs o APs de reciente diagnóstico, lo que indica una fuerte sospecha clínica, con elevada concordancia final.&lt;br />Conclusión: es fundamental la derivación temprana para diagnóstico precoz de la APs, y detección y manejo de la comorbilidad cardiovascular. En este sentido, la consulta conjunta de Reumatología-Dermatología constituye una gran herramienta.&lt;br />Palabras claves: Artritis psoriásica, Reumatología, Riesgo cardiovascular. &lt;br />&lt;br /></subfield>
  </datafield>
  <datafield tag="521" ind1=" " ind2=" ">
    <subfield code="a">Máster Universitario en Iniciación a la Investigación en Medicina</subfield>
  </datafield>
  <datafield tag="540" ind1=" " ind2=" ">
    <subfield code="a">Derechos regulados por licencia Creative Commons</subfield>
  </datafield>
  <datafield tag="700" ind1=" " ind2=" ">
    <subfield code="a">Del Río Martínez, Pilar</subfield>
    <subfield code="e">dir.</subfield>
  </datafield>
  <datafield tag="710" ind1="2" ind2=" ">
    <subfield code="a">Universidad de Zaragoza</subfield>
    <subfield code="b"> </subfield>
    <subfield code="c"></subfield>
  </datafield>
  <datafield tag="856" ind1="0" ind2=" ">
    <subfield code="f">646625@celes.unizar.es</subfield>
  </datafield>
  <datafield tag="856" ind1="4" ind2=" ">
    <subfield code="s">1224020</subfield>
    <subfield code="u">http://zaguan.unizar.es/record/111045/files/TAZ-TFM-2019-760.pdf</subfield>
    <subfield code="y">Memoria (spa)</subfield>
  </datafield>
  <datafield tag="909" ind1="C" ind2="O">
    <subfield code="o">oai:zaguan.unizar.es:111045</subfield>
    <subfield code="p">driver</subfield>
    <subfield code="p">trabajos-fin-master</subfield>
  </datafield>
  <datafield tag="950" ind1=" " ind2=" ">
    <subfield code="a"></subfield>
  </datafield>
  <datafield tag="980" ind1=" " ind2=" ">
    <subfield code="a">TAZ</subfield>
    <subfield code="b">TFM</subfield>
    <subfield code="c">MED</subfield>
  </datafield>
  <datafield tag="999" ind1=" " ind2=" ">
    <subfield code="a">20190827180033.CREATION_DATE</subfield>
  </datafield>
  <datafield tag="951" ind1=" " ind2=" ">
    <subfield code="a">deposita:2022-03-09</subfield>
  </datafield>
</record>
</collection>